10 Biggest cities in Norway - Statistics

General Stats
  • This quiz has been taken 256 times
  • The average score is 6 of 10
Answer Stats
Population Cities % Correct
580 000 Oslo
100%
213 585 Bergen
97%
147,139 Trondheim
91%
121 610 Stavanger
79%
52 436 Tromsø
74%
63 814 Kristiansand
63%
90 722 Drammen
55%
72 760 Fredrikstad
37%
63 032 Sandnes
25%
52,159 Sarpsborg
25%
No matching quizzes found
Score Distribution
Percent of People with Each Score
Percentile by Number Answered
Your Score History
You have not taken this quiz